| 000 | 00720nam a2200241 a 4500 | ||
|---|---|---|---|
| 001 | BRCA_8239 | ||
| 005 | 20190320210205.0 | ||
| 008 | 230514s1952----mx-a###f##---#001-0#spa-# | ||
| 041 | _aspa | ||
| 044 | _asp | ||
| 050 | 4 |
_aND1329.5 _b.M8 1952 |
|
| 100 | 1 |
_aMuriel de la Torre, Josefina _920546 |
|
| 245 | 1 | 0 |
_aRetratos de monjas _cpor Josefina Muriel de la Torre y Manuel Romero de Terreros. |
| 260 |
_aMéxico _bJus _c1952 |
||
| 300 |
_a227 p. _bil., 56 láminas _c28 cm. |
||
| 500 | _aT54 | ||
| 504 | _aBibliografía p. 221-222 | ||
| 650 | 1 | 4 |
_aMonjas _vRetratos _zMéxico _99580 |
| 650 | 1 | 4 |
_aArte cristiano _zMéxico _94004 |
| 700 | 1 |
_aRomero de Terreros, Manuel _ecoaut. _920547 |
|
| 902 | _aGFM | ||
| 942 |
_2lcc _cB |
||
| 999 |
_c7907 _d7907 |
||